000 00712nam a2200181 a 4500
008 210225s2008 ||||||||||||||||| || u
020 _a9780205531042
050 _aLC 1099.3 Kop
100 _aKoppelman, Kent L
245 1 0 _aUnderstanding Human differences.( 2nd edition)
_cBy Kent L.Koppelman; R .Lee Goodhart
250 _a2nd edition
260 _aBoston
_bPearson/A&B
_c2008
300 _axxvi,388 pages:illustrations
350 _a15.56
650 _aMULTICULTURAL EDUCATION--UNITED STATES
650 _aDISCRIMINATION--UNITED STATES
995 _FCBU-MAIN LIBRARY (Kitwe)
_I15.56
_M1
_UAVAILABLE
_WMar 11, 2021
_ZMain Library Open Access Collection
999 _c60696
_d60696